| 000 | 01176nam a2200217Ia 4500 | ||
|---|---|---|---|
| 003 | Ost | ||
| 005 | 20260507075640.0 | ||
| 008 | 260507s9999||||xx |||||||||||||| ||und|| | ||
| 040 | _cfsecg | ||
| 041 | _aara | ||
| 082 | _a368 | ||
| 100 |
_aالهانس، مختار محمود _eمؤلف |
||
| 245 | 0 |
_aمبادئ الخطر والتأمين / _c مختار محمود الهانس |
|
| 260 |
_aالإسكندرية: _bالدار الجامعية, _c2001 |
||
| 300 |
_a403 صفحة؛ _bإيضاحات ؛ _c24 سم |
||
| 520 | _aالخطر والتأمينات الإجتماعية ،في قياس الخطر وإدارته في الإطار العام للتأمين ،القانون الجديد للتأمينات الإجتماعية ،الأمين على الحياة ،جدواول وإحتمالات الحياة ،حساب الأقساط الوحيدة الصافية لوثائق تأمين الحيات بأنواعها ،الأقساط السنوية الصافية لوثائق تأمين الحياة | ||
| 653 | _aالتأمين | ||
| 653 | _aالخطر | ||
| 700 |
_aحمودة، ابراهيم عبدالنبي _eمؤلف ثانوي |
||
| 942 | _cكتاب | ||
| 999 |
_c45386 _d45386 |
||